Pays en A en 1 minute - Statistiques

Statistiques générales
  • Ce quiz a été pris 758 fois
  • Le résultat moyen est 8 sur 14
Statistiques - réponses
Hint Réponse % Correct
5 Allemagne
80%
3 Albanie
79%
11 Arménie
73%
4 Algérie
65%
12 Australie
65%
7 Angola
64%
1 Afghanistan
61%
6 Andorre
60%
13 Autriche
59%
14 Azerbaïdjan
58%
10 Argentine
56%
8 Antigua
46%
2 Afrique du Sud
44%
9 Arabie saoudite
40%
Aucun quiz correspondant
Distribution des résultats
% des personnes avec chaque résultat
Percentile par nombre de réponses
Votre historique - résultats
Vous n’avez pas pris ce quiz